000 00537nam a2200193Ia 4500
008 210719s2006 xx 000 0 und d
020 _a0-07-099362-9
041 _aeng
082 _a155.4 HURC
100 _aHURLOCK (Elizabeth B)
245 _aChild growth and development Ed 5
250 _a5
260 _aNew Delhi
_bTata McGraw-Hill Publishing Company Ltd.
_c2006
300 _ax,374
_bPB
365 _b315
_cRs
650 _aChild Psychology
650 _aPsychology
906 _a5 ; and ; Child ; development ; Ed ; growth
999 _c215183
_d215183